Siyasi hatıratım (Record no. 12526)

MARC details
000 -BAŞLIK
Sabit Uzunlukta Kontrol Alanı 00884na a2200265 4500
001 - KONTROL NUMARASI
Denetim Alanı 24580
003 - KONTROL NUMARASI IDENTIFIER
Denetim Alanı MIRAKIL
005 - SON İŞLEM TARİHİ VE ZAMANI
Denetim Alanı 20190109120943.0
008 - SABİT-BOY VERİ ELEMANLARI - GENEL BİLGİLER
Sabit Uzunlukta Kontrol Alanı 181212b tu 000 0
020 ## - ULUSLARARASI STANDART KİTAP NUMARASI
Uluslararası Standart Kitap Numarası 975703200x
041 ## - DİL KODU
Metin / Ses Parça Veya Ayrı Başlığın Dil Kodu tur
082 ## - DEWEY ONLU SINIFLANDIRMA NUMARASI
Sınıflandırma Numarası 956.101543092
Ürün Numarası A12s 1999
090 ## - SINIFLAMA NUMARASI
Sınıflama Numarası 956.101543092 A12s 1999
100 ## - ANA GİRİŞ - KİŞİSEL İSİM
Kişisel Ad Abdülhamit
Bir Adıyla İlişkilendirilen Başlıklar Ve Kelimeler Sultan
Bir Adıyla İlişkilendirilen Tarihler 1842-1918
245 ## - BAŞLIK TABLOSU
Başlık Siyasi hatıratım
Sorumluluk Tablosu, Vb Sultan Abdülhamit
250 ## - EDITION TABLOSU
Baskı Beyanı 6. bs.
260 ## - YAYIN, DAĞITIM, VB
Yayın, Dağıtım, Vb Yeri İstanbul :
Yayıncı, Dağıtıcı, Vs Adı Dergah yayınları
Yayın, Dağıtım, Vb Tarihi 1999
300 ## - FİZİKSEL TANIM
Kapsam 175 s.
Boyutlar 20 sm.
440 ## - SERİSİ TABLOSU / KATMA GİRİŞİ - BAŞLIK
Başlık Dergah yayınları
Hacim / Ardışık Tanımı 13
490 ## - SERİSİ TABLOSU
Seri Beyanı Tarih Dizisi
Hacim / Ardışık Tanımı 1
600 ## - KONU KATMA GİRİŞ - KURUMSAL ADI
Kişisel Ad Abdülhamid II
Başlıklar Ve Bir Adla İlişkili Diğer Kelimeler Osmanlı padişahı
Genel Alt Bölümü Siyasi yaşamı
Kronolojik Alt Bölümü 1842-1918
650 ## - KONU KATMA GİRİŞ - TOPİKAL DÖNEM
Topikal Süreli Veya Coğrafi Ad Giriş Elemanı Osmanlı İmparatorluğu
Genel Alt Bölümü Tarih
Kronolojik Alt Bölümü II. Abdülhamit dönemi, 1876-1909
650 ## - KONU KATMA GİRİŞ - TOPİKAL DÖNEM
Topikal Süreli Veya Coğrafi Ad Giriş Elemanı Osmanlı İmparatorluğu
Genel Alt Bölümü Tarih
-- Yönetim ve politikalar
Kronolojik Alt Bölümü II. Abdülhamit dönemi, 1876-1909
942 ## - EKLENDİ GİRİŞ ELEMANLARI (KOHA)
Sınıflandırma Veya Raf Düzeni Kaynak Dewey Decimal Classification
Koha Öğesi Türü Books
999 ## - SİSTEM KONTROL NUMARALARI (KOHA)
Koha Biblionumber 12526
Koha Biblioitemnumber 12526
Holdings
Kalıcı Konum Mevcut Konum Edinme Tarihi Edinim Kaynak Toplam Check-Out'Lar Tam Çağrı Numarası Barkod Tarih Son Görülme İtibaren Geçerli Fiyatlar Koha Öğesi Türü
CHP Kütüphanesi CHP Kütüphanesi 01/09/2019 Bağış   956.101543092 A12s 1999 018467 01/09/2019 01/09/2019 Books